Music, business and peacebuilding XVII

Gespeichert in:
Bibliographische Detailangaben
Format: Buch
Sprache:Englisch
Veröffentlicht: Routledge 2022
Tags: Tag hinzufügen
Keine Tags, Fügen Sie den ersten Tag hinzu!

MARC

LEADER 00000nam a22000007a 4500
008 240708b |||||||| |||| 00| 0 eng d
020 |a 9780367862459 
245 |a Music, business and peacebuilding XVII  |c / edited by Constance Cook Glen and Timothy L. Fort  |g xviii,386p;ill 
260 |b Routledge  |c 2022  |h London  |i 702171  |i 702172  |l ML3790.M92  |m Music trade  |m Music trade - Moral and ethical aspects  |m Peace building 
500 |a it includes bibliographical references and index 
942 |a lcc  |c BK  |e Johnson  |f 08/07/24 
952 |0 0  |1 0  |2 lcc  |4 0  |6 ML3790 M92  |7 0  |9 5377  |a ART  |b HOL  |c LP  |d 2024-07-08  |l 0  |o ML3790.M92  |p 2024-0618  |r 2024-07-08 00:00:00  |t 702171  |w 2024-07-08  |y BK 
952 |0 0  |1 0  |2 lcc  |4 0  |6 ML3790 M92  |7 0  |9 5378  |a HOL  |b HOL  |c LP  |d 2024-07-08  |l 0  |o ML3790.M92  |p 2024-0619  |r 2024-07-08 00:00:00  |t 702172  |w 2024-07-08  |y BK 
999 |c 2659  |d 2659